00467nam a22001097a 4500008004100000040005500041080002600096245016100122260005200283300001000335650001200345230322b |||||||| |||| 00| 0 eng d aNational Science LibrarycNational Science Library aD 681.3.02(082.2)bP8 aSoft computing techniques for industrials automationc/ Department of Electrical and Electronics Engineering CSIR Sponsored seminar 15th-16th February, 2008 aPerundurai: bKongu Engineering College, c2008 a134p. aSeminar